Quiz o powiecie międzyrzeckim - Statystyki

Ogólne statystyki
  • Ten quiz został rozwiązany 10 razy
  • Średni wynik to 6 z 11
Statystyki odpowiedzi
Podpowiedź Odpowiedź % Poprawnych
Droga szybkiego ruchu biegnąca przez powiat S3
89%
System umocnień wybudowany przez Niemców na granicy z Polską Międzyrzecki {Rejon Umocniony}
67%
Rzeka wpadająca do Warty w Skwierzynie Obra
67%
Jedna z dwóch siedzib gmin wiejskich, które po IIWŚ zostały pozbawione praw miejskich i ich do tej pory nie odzyskały Bledzew | Pszczew
56%
Jeden z prowadzących kanału na YouTube Mniej Więcej, urodzony w Międzyrzeczu Mandzio
56%
Zwierzę, którego głowa pojawia się w herbie i na fladze Orzeł
56%
Miasto leżące przy granicy z powiatem nowotomyskim, przy drodze krajowej nr 92 Trzciel
56%
Zdecydowana większość terytorium powiatu leży w tej krainie historycznej Wielkopolska
56%
Były siatkarz i reprezentant Polski, obecnie prezes PZPS Sebastian Świderski
44%
Arcybiskup metropolita warszawski w latach 1857-61, urodzony na terenie obecnego powiatu międzyrzeckiego Antoni Melchior Fijałkowski
11%
Starosta Bogusław Zaborowski
11%
Nie znaleziono quizów pasujących do podanych kryteriów
Rozkład punktacji
Procent ludzi z każdym wynikiem
Percentyl według liczby udzielonych odpowiedzi
Twoja historia wyników
Nie rozwiązałeś tego quizu